Devízové periodiká v SAV v súčasnom období

Bibliographic Details
Main Author: Polkráb, František (Author)
Format: Article
Language:Slovak
Subjects:

MARC

LEADER 00000nab a2200000 a 4500
001 vtls000155858
003 SK-MaSNL
005 20260304215951.0
008 111104c1983 xo 0 slo
015 |a SNBRB19rr/mm-uuuuu 
035 |a CL0165965 
040 |a SNKBUCL  |b slo  |c SNKBUCL  |e AACR2 
041 0 |a slo 
044 |a xo  |c SK 
080 |a 025.173.1  |2 1981 
080 |a 027.2(437.6-25)  |2 1981 
100 1 |a Polkráb, František  |4 aut  |9 1551181 
245 1 0 |a Devízové periodiká v SAV v súčasnom období  |c František Polkráb 
610 2 7 |a Slovenská akadémia vied.  |b Ústredná knižnica  |2 snkbucl  |9 32422 
650 0 7 |a časopisy zahraničné  |2 snkbucl  |9 924567 
651 7 |a 5100  |2 snkbucl  |9 166206 
655 7 |a články z novín a časopisov  |2 snkbucl  |9 267496 
655 7 |a články z odboru knihovníctvo  |2 snkbucl  |9 166141 
773 0 |t Zahraničné periodiká v informačnej praxi  |g Roč. 2, č. 1 (1983), s. 51-54 
850 |a Slovenská národná knižnica v Martine  |a MTA001 
852 |a SNK  |b KIS3GCP 
958 |a RK 
958 |a KL 
992 |a RBX 
999 |c 3149136  |d 3151066